| 000 | 00575nam a2200181Ia 4500 | ||
|---|---|---|---|
| 008 | 151202s9999||||xx |||||||||||||| ||und|| | ||
| 082 | _bPNVM-640 | ||
| 100 | _aRAFERSTON J. H. | ||
| 245 | _aTHE STORY OF TELEPHONE HISTROY OF TELECOMMUNICATION INDU. IN. | ||
| 260 | _b"SCIENTIFIC BOOK CLUB, LONDON." | ||
| 260 | _c0 | ||
| 300 | _a0 | ||
| 600 | _aRAFERSTON J. H. | ||
| 630 | _aTHE STORY OF TELEPHONE HISTROY OF TELECOMMUNICATION INDU. IN. | ||
| 700 | _aRAFERSTON J. H. | ||
| 730 | _aTHE STORY OF TELEPHONE HISTROY OF TELECOMMUNICATION INDU. IN. | ||
| 942 | _cBOOK | ||
| 999 |
_c1266638 _d1266635 |
||